Central Library OPAC University of Rajshahi

H. G. Wells and the world state / (Record no. 36407)

MARC details
000 -LEADER
fixed length control field 00996nam a22003011 4500
001 - CONTROL NUMBER
control field 36407
003 - CONTROL NUMBER IDENTIFIER
rucl marc code BD-RjUL
005 - DATE AND TIME OF LATEST TRANSACTION
control field 20211209052501.0
008 - FIXED-LENGTH DATA ELEMENTS--GENERAL INFORMATION
fixed length control field 140622s1961 ctu b 001 0 eng
035 ## - SYSTEM CONTROL NUMBER
System control number (BD-RjUL)36504
System control number (OCoLC)362366
040 ## - CATALOGING SOURCE
Original cataloging agency DLC
Transcribing agency ODaWU
Modifying agency OCoLC
-- Uk
-- BD-RjUL
Language of cataloging eng
041 ## - LANGUAGE CODE
Language code of text/sound track or separate title eng
082 ## - DEWEY DECIMAL CLASSIFICATION NUMBER
Classification number 820.81
Author mark and year WAH 1961
100 1# - MAIN ENTRY--PERSONAL NAME
Personal name Wagar, W. Warren.
9 (RLIN) 110790
245 10 - TITLE STATEMENT
Title H. G. Wells and the world state /
Statement of responsibility, etc. W Warren Wagar
260 ## - PUBLICATION, DISTRIBUTION, ETC. (IMPRINT)
Place of publication, distribution, etc. New Haven :
Name of publisher, distributor, etc. Yale University Press,
Date of publication, distribution, etc. c1961.
300 ## - PHYSICAL DESCRIPTION
Pagination x, 301 p. ;
Size 23 cm.
490 1# - SERIES STATEMENT
Series statement Yale historical publications. Miscellany
Volume/sequential designation 75
500 ## - GENERAL NOTE
General note "A check list of the principal works of H. G. Wells": p. [277]-285.
502 ## - DISSERTATION NOTE
Dissertation note Thesis--Yale University.
504 ## - BIBLIOGRAPHY, ETC. NOTE
Bibliography, etc Includes Bibliography and index.
600 10 - SUBJECT ADDED ENTRY--PERSONAL NAME
Personal name Wells, H. G.
Fuller form of name (Herbert George),
Dates associated with a name 1866-1946.
830 1# - SERIES ADDED ENTRY--UNIFORM TITLE
Uniform title Yale historical publications. Miscellany, 75
942 ## - ADDED ENTRY ELEMENTS (KOHA)
Source of classification or shelving scheme Dewey Decimal Classification
Koha item type Books
Holdings
Lost status Source of classification or shelving scheme Damaged status Not for loan Collection code Permanent Location Current Location Shelving location Date acquired Source of acquisition Cost, normal purchase price Total Checkouts Full call number Date last seen Copy number Koha item type
  Dewey Decimal Classification   Not For Loan Non-fiction Central Library, University of Rajshahi Central Library, University of Rajshahi Reading Room 22/01/1963 mirza book ajency 30.00   820.81 WAH 1961 22/06/2014 C-1 Books